Eloge funèbre d'une matrone romaine: éloge dit de Turia
Saved in:
| Format: | Bog |
|---|---|
| Sprog: | fransk latin |
| Udgivet: |
París
Les Belles Lettres
1950
|
| Serier: | Collection des Universités de France
|
| Fag: | |
| Tags: |
Tilføj Tag
Ingen Tags, Vær først til at tagge denne postø!
|
MARC
| LEADER | 00000nam a2200000 a 4500 | ||
|---|---|---|---|
| 001 | UCQ1682 | ||
| 003 | CL-VaPUC | ||
| 008 | 980721e19500000FR |||||||||||||||||fre|d | ||
| 041 | 0 | 7 | |a fre |2 CL-VaPUC |
| 041 | 0 | 7 | |a lat |2 CL-VaPUC |
| 082 | 0 | 4 | |a 875 |b ELO |2 21 |
| 245 | 1 | 0 | |a Eloge funèbre d'une matrone romaine: éloge dit de Turia |
| 300 | |a 82 p | ||
| 942 | |c BK | ||
| 945 | |d 19980721 00:00:00 |a mvenant | ||
| 260 | |a París |b Les Belles Lettres |c 1950 | ||
| 650 | 0 | |a Oratoria latina |9 266621 | |
| 650 | 0 | |a Literatura latina |9 258055 | |
| 583 | |a last modification |c 19980721 00:00:00 |k Rodrigo Vera | ||
| 490 | 0 | |a Collection des Universités de France | |
| 999 | |c 272537 |d 272535 | ||
| 952 | |0 0 |1 0 |4 0 |6 875_000000000000000_ELO_1950 |7 0 |8 X |9 307633 |a BIBART |b BIBART |d 2019-11-20 |i 3443035 |o 875 ELO 1950 |p 3443035 |r 2025-03-13 |w 2019-11-20 |y BK_X |k ART | ||
| 952 | |0 0 |1 0 |4 0 |6 875_000000000000000_ELO_1950 |7 0 |8 DER_ROM |9 307634 |a BIBDER |b BIBDER |d 2019-11-20 |i 3864936 |o 875 ELO 1950 |p 3864936 |r 2023-01-25 |w 2019-11-20 |x Ubicación 4to piso |y BK |z Este recurso debe solicitarse con anticipación |k DER | ||